|
|
|
|
| LEADER |
00000nab a2200000ua 4500 |
| 001 |
vtls010773771 |
| 003 |
SK-MaSNL |
| 005 |
20260304165822.0 |
| 008 |
230222s xo |||||||||||||||||slo| |
| 035 |
|
|
|a (urnnbn)urn:nbn:sk:snk:ar-a065co
|
| 035 |
|
|
|a (uuid)a53be75b-49e5-434d-aa90-d331cc9e70a8
|
| 035 |
|
|
|a urn:nbn:sk:snk-ab4wcu
|
| 040 |
|
|
|a SNKBUCL
|b slo
|c SNKBUCL
|e AACR2
|
| 041 |
0 |
|
|a slo
|
| 044 |
|
|
|a xo
|c SK
|
| 100 |
1 |
|
|a Živčák, Jozef,
|d 1958-
|4 aut
|9 151558
|
| 245 |
1 |
0 |
|a Termografia v oftalmológii - súborný referát
|c Jozef Živčák, Radovan Hudák, Tomáš Juhás, Tomáš Juhás Ml.
|
| 650 |
0 |
7 |
|a oftalmológia
|2 SNKPH
|9 910
|
| 650 |
0 |
7 |
|a termografia
|2 SNKPH
|9 21756
|
| 700 |
1 |
|
|a Hudák, Radovan,
|d 1976-
|4 aut
|9 167420
|
| 700 |
1 |
|
|a Juhás, Tomáš,
|d 1954-
|4 aut
|9 207991
|
| 700 |
1 |
|
|a Juhás, Tomáš,
|d 1978 jún 2.-
|4 aut
|9 207992
|
| 773 |
0 |
|
|t Transacta ophthalmologica Slovaca
|g Roč. 7-8, č. 1 (2007-2008), s. 66-68
|
| 954 |
|
|
|a odborná, vedecká literatúra pôvodná (slovenská)
|2 lita
|
| 958 |
|
|
|a OND
|
| 958 |
|
|
|a EUIPO
|
| 958 |
|
|
|a article3
|
| 999 |
|
|
|c 2985639
|d 2987569
|